Statistics for Countries that Beat Georgia

Click here to take the quiz!

General Stats

  • This quiz has been taken 233 times
  • The average score is 9 of 15

Answer Stats

RankCategoryCountries% Correct
2Most recent to be invaded by RussiaUkraine
88%
4Smallest starting with GGrenada | Gambia | Guinea-Bissau
85%
4Whose flag has the highest % of whiteCyprus | Japan | South Korea
81%
4Most Christian country in AsiaArmenia | East Timor | Philippines
80%
2Shortest coastline on the Black SeaRomania
72%
4Most Armenian diasporaRussia | United States | France
70%
2Furthest Asian country from the EquatorMongolia
69%
6Most Orthodox countrySerbia | Moldova | Armenia | Greece | Cyprus
69%
4Tallest damChina | Tajikistan | Switzerland
66%
3First to secede from the Soviet UnionLithuania | Latvia
60%
6Easiest to do business in [2]New Zealand | Singapore | Denmark |
South Korea | United States
54%
3Also the most popular first name
in the United States [1]
Jordan | Chad
40%
3Most recent to "change" flag in AsiaMyanmar | Iraq
28%
7 (t)Had the highest HDI rank
improvement between 2014-2020
China | Dominican Republic | Bosnia and Herzegovina |
Thailand | Maldives | Bangladesh
24%
7Longest-serving incumbent
female "President"
Nepal | Taiwan | Estonia | Singapore |
Trinidad and Tobago | Ethiopia
23%

Score Distribution

Percentile by Number Answered

Percent of People with Each Score

Your Score History

You have not taken this quiz